[Event "Superbet Rapid 2022"]
[Site "Warsaw POL"]
[Date "2022.05.19"]
[Round "1.4"]
[White "Aronian, Levon"]
[Black "Caruana, Fabiano"]
[Result "1-0"]
[WhiteTitle "GM"]
[BlackTitle "GM"]
[WhiteElo "2765"]
[BlackElo "2786"]
[WhiteFideId "13300474"]
[BlackFideId "2020009"]
[EventDate "2022.05.19"]

1. e4 e5 2. Bc4 Nf6 3. d3 Bc5 4. Nc3 O-O 5. f4 exf4 6. Bxf4 c6 7. d4 Bb4 8. e5
d5 9. Bd3 Ne4 10. Bxe4 dxe4 11. Ne2 Bg4 12. O-O Bxc3 13. bxc3 Qd5 14. h3 Bh5 15.
g4 Bg6 16. h4 e3 17. h5 Be4 18. Bxe3 Bf3 19. Qe1 Qe4 20. Nf4 Nd7 21. Qf2 Bxg4
22. Rae1 Be6 23. Qh2 Nb6 24. Bc1 Qf5 25. Rf2 Bxa2 26. h6 g6 27. Ba3 Rfe8 28.
Nxg6 Qxg6+ 29. Rg2 Re6 30. Rxg6+ Rxg6+ 31. Kf2 Nd5 32. Rg1 Nxc3 33. Rxg6+ hxg6
34. h7+ Kh8 35. Be7 Ne4+ 36. Ke3 Re8 37. Qh6 Rxe7 38. Qf8+ Kxh7 39. Qxe7 Nc3 40.
Qxb7 Bd5 41. Kd3 c5 42. Qxa7 cxd4 43. Qxd4 Na2 44. Kd2 Be6 45. Qa4 1-0